000 00799nam a2200181Ia 4500
008 100920s9999 xx 000 0 und d
082 _b63730
_a61 थ 57
100 _a---
245 _aविदर्भ आणि मराठवाडा यांचा विकास.
260 _bमुंबई सरकारच्या प्रसिध्दी खात्याकडून प्रकाशित.
_c1957
300 _a18
_bसाधी
365 _b0
520 _aस्थानिक वाचन.
630 _aविदर्भ आणि मराठवाडा यांचा विकास.
650 _aस्थानिक वाचन.
730 _aविदर्भ आणि मराठवाडा यांचा विकास.
942 _cBOOK
999 _c706810
_d706807